| 000 | 00771nam a2200253 i 4500 | ||
|---|---|---|---|
| 001 | 43912 | ||
| 003 | ES-MaACL | ||
| 005 | 20250807232513.0 | ||
| 007 | t| | ||
| 008 | 030320s1987 sp ||||1| spa d | ||
| 020 | _a848607259X | ||
| 084 | _a1ª ed | ||
| 100 | 0 |
_aCavero, Soledad, _d1936- _937182 |
|
| 245 | 1 | 0 |
_aCon los pies descalzos y un paraguas rosa o azul / _cSoledad Cavero. |
| 250 | _a1ª ed. | ||
| 260 |
_aMadrid : _bTorremozas, _c1987. |
||
| 300 |
_a61 p., 1 h. de lám. ; _c17 cm. |
||
| 490 | 1 |
_aColección Torremozas de poesía de mujeres ; _v38 |
|
| 830 | 0 | 0 |
_aColección Torremozas de poesía de mujeres _v38 _9177494 |
| 852 |
_aES-MaACL _jL-12536 _bR.113729 |
||
| 852 |
_aES-MaACL _jL-12652 |
||
| 942 | _2udc | ||
| 999 |
_c43912 _d43912 |
||